| Поле | Инд. | ПП | Название | Значение |
|---|---|---|---|---|
| Тип записи | a | |||
| Библиографический уровень | b | |||
| 001 | Контрольный номер | RU/IS/BASE/236341968 | ||
| 005 | Дата корректировки | 20200522191129.4 | ||
| 040 | b | Код языка каталог. | rus | |
| e | Правила каталог. | PSBO | ||
| 041 | 0_ | a | Код языка текста | rus |
| 084 | a | Индекс другой классификации/Индекс ББК | 60.524.224.67; 60.842.6 | |
| 100 | 1_ | a | Автор | Крупнов Р. |
| q | Полное имя | Крупнов Роман Владимирович | ||
| 245 | 10 | a | Заглавие | Городская социальная реклама как объект управления |
| 504 | a | Библиография | Библиогр. ссылки | |
| 650 | a | Основная рубрика | паблик рилейшнз (связи с общественностью) | |
| a | Основная рубрика | социальное управление | ||
| a | Основная рубрика | социология | ||
| 653 | a | Ключевые слова | наружная реклама | |
| a | Ключевые слова | общественные коммуникации | ||
| a | Ключевые слова | реклама | ||
| a | Ключевые слова | рекламная кампания | ||
| a | Ключевые слова | социальная реклама | ||
| a | Ключевые слова | социология рекламы | ||
| a | Ключевые слова | Союз создателей социальной рекламы | ||
| a | Ключевые слова | управление рекламной деятельностью | ||
| 773 | 0_ | t | Заглавие источника | Вестник Московского университета. Серия 18, Социология и политология |
| d | Дата издания источника | 2007 | ||
| g | Прочая информация | № 1. - С. 67 - 74 | ||
| w | Контрольный № источника | RU/IS/BASE/228580253 | ||
| 901 | t | Тип документа | b |